000 00812nai a2200205Ia 4500
003 IN-BaIIA
008 211028c9999 xx s 000 0 eng d
022 _a0277-6243 (Print)
022 _a2162-2140 (Online)
040 _cIIA Library
245 0 _aTransactions of the IRE Professional Group on Communications Systems
_h[eJournal]
260 _aNew York, USA
_bThe Institute of Electrical and Electronics Engineers, Inc. (IEEE)
310 _aAnnually
362 _a1(1); 1953 - 3(1); 1955
521 _bSubscribed through National Knowledge Resource Consortium (NKRC)
650 _a Signal Processing and Analysis
_948813
650 _aCommunication, Networking and Broadcast Technologies
856 _uhttps://ieeexplore.ieee.org/servlet/opac?punumber=8161
_yClick Here to Access eJournal
942 _cEJ
999 _c35823
_d35823